Junta nacional y legal del Partido Liberal Nacionalista : Nicaragua-Centro América : mensaje /

Đã lưu trong:
Chi tiết về thư mục
Định dạng: Sách
Ngôn ngữ:Tiếng Tây Ban Nha
Được phát hành: Miami, EUA : Partido Liberal Nacionalista, 1982
Các nhãn: Thêm thẻ
Không có thẻ, Là người đầu tiên thẻ bản ghi này!

MARC

LEADER 00000nam^a2200000^a^4500
001 000578257
005 20250521000000.0
009 20260310132506.089
037 |a Acervo Xavier Clavigero 
041 |a ESP 
091 |a FIP. 01129 
245 1 0 |a Junta nacional y legal del Partido Liberal Nacionalista :  |b Nicaragua-Centro América : mensaje / 
264 1 |a Miami, EUA :  |b Partido Liberal Nacionalista,  |c 1982 
300 |a [4 p.] 
336 |a texto  |b txt  |2 rdacontenido 
337 |a sin mediación  |b n  |2 rdamedio 
338 |a volumen  |b nc  |2 rdasoporte 
649 |a XX 
910 |a Fondo Manuel Ignacio Pérez Alonso S.J. 
920 |a Impresos - Libros 
930 |a Fondos Especiales 
905 |a 140 
901 |a 0500405214  |b IT2  |c ESP  |i D  |u 20250521 
902 |a https://opac.biblio.iteso.mx/vufind/Record/000578257